El penalista liberal: controversias nacionales e internacionales en derecho penal, procesal penal y criminología. Manuel de Rivacoba y Rivacoba, homenaje
-д хадгалсан:
| Үндсэн зохиолч: | |
|---|---|
| Формат: | Ном |
| Хэл сонгох: | испани |
| Хэвлэсэн: |
Buenos Aires
Hammurabi
2004
|
| Нөхцлүүд: | |
| Шошгууд: |
Шошго нэмэх
Шошго байхгүй, Энэхүү баримтыг шошголох эхний хүн болох!
|
MARC
| LEADER | 00000nam a2200000 a 4500 | ||
|---|---|---|---|
| 001 | UCK3310 | ||
| 003 | CL-VaPUC | ||
| 008 | 050422e20040000AG |||||||||||||||||spa|d | ||
| 020 | |a 9507411682 | ||
| 082 | 0 | 4 | |a 345.001 |b GUZ |2 21 |
| 100 | |a Guzmán Dalbora, José Luis |e author |9 599804 | ||
| 245 | 1 | 3 | |a El penalista liberal: controversias nacionales e internacionales en derecho penal, procesal penal y criminología. Manuel de Rivacoba y Rivacoba, homenaje |
| 300 | |a 1208 p | ||
| 942 | |c BK | ||
| 945 | |d 20050422 00:00:00 |a cmena | ||
| 260 | |a Buenos Aires |b Hammurabi |c 2004 | ||
| 600 | 0 | 7 | |a RIVACOBA Y RIVACOBA, MANUEL DE |2 CL-VaPUC |9 491405 |
| 650 | 7 | |a DERECHO PENAL |2 CL-VaPUC |9 11 | |
| 650 | 0 | |a Derecho penal internacional |9 371889 | |
| 650 | 0 | |a Derecho procesal penal |9 256392 | |
| 650 | 0 | |a Criminología |9 256168 | |
| 583 | |a last modification |c 20050422 00:00:00 |k Rodrigo Vera | ||
| 999 | |c 312556 |d 312554 | ||